000 00635nam a2200217 a 4500
999 _c3062
_d3062
001 3062
003 BD-JhCC
005 20171109185954.0
008 171109s19801987bg |||| ||a| 000 0 ben d
035 _a(BD-JhCC)3062
040 _aBD-JhCC
_dBD-JhCC
041 _aben
082 _a891.442
_bSHA 1987
100 _aশাইখ, আসকার ইবনে
245 _aরাজপুত্র /
_cআসকার ইবনে শাইখ,
260 _aঢাকা :
_bইসলামিক ফাউণ্ডেশন,
_c1987
300 _a63 p. :
_c22 cm.
650 _aBengali Drama
942 _2ddc
_cBK